| 000 | 01254cam a2200217 4500 | ||
|---|---|---|---|
| 001 | ABS66631 | ||
| 008 | 030429n2003 000 0 eng u | ||
| 035 | _a(Sirsi) u122110 | ||
| 100 | _aElson, M. | ||
| 245 | 2 | _aA take and give green belt? | |
| 260 | _c2003 | ||
| 490 |
_aTown & Country Planning _v72(3) March/April 2003, 104-105(2) |
||
| 520 | _aLooks at government targets outlined in "Sustainable communities" to maintain or increase green belt land in every English region. Discusses the implications of government's renewed commitment to green belts such as the option for new green belts around Milton Keynes and South Midlands and outlines "Sustainable communities"'suggestions to improve the quality of green belt environments. Also examines "Sustainable communities"' promise to give green wedges and corridors greater protection in the planning system. "Sustainable communities" at www.odpm.gov.uk/communities/index.htm. "Milton Keynes and South Midlands study: final report of the study" at www.southeast-ra.gov.uk. References. | ||
| 590 | _aABS | ||
| 650 | _aGREEN BELTS | ||
| 650 | _aSUSTAINABLE COMMUNITIES | ||
| 650 | _aGREEN BELT LAND | ||
| 650 | _aPLANNING SYSTEM | ||
| 690 |
_aPlanning and development _96259 |
||
| 942 | _n0 | ||
| 999 |
_c72561 _d72561 |
||